MARC

Tag First Indicator Second Indicator Subfields
LEADER 00000nam a2200000 i 4500
001 in00004759900
008 231205s2008 nyua j 6 000 1 eng d
005 20231205193944.8
035 |a (OCoLC)on1411854770 
040 |a TXA  |b eng  |e rda  |c TXA 
035 |a (OCoLC)1411854770 
090 |a PN6728.A9  |b C42 2008 
100 1 |a Cebulski, C. B.,  |e author. 
245 1 0 |a Avengers.  |p Fairy tales /  |c C.B. Cebulski, writer. 
246 3 0 |a Fairy tales 
250 |a [Magazine form]. 
250 |a Direct edition. 
264 1 |a New York, NY :  |b Marvel Publishing,  |c 2008. 
300 |a 4 volumes (unpaged) :  |b color illustrations ;  |c 26 cm 
336 |a text  |b txt  |2 rdacontent 
336 |a still image  |b txt  |2 rdacontent 
337 |a unmediated  |b n  |2 rdamedia 
338 |a volume  |b nc  |2 rdacarrier 
500 |a Issued January to December 2008. 
500 |a Four issue mini-series depicting the Avengers in childen's stories. 
505 0 |a #1. One Upon a Time ... -- #2. Created Equal 
650 0 |a Avengers (Fictitious characters)  |v Comic books, strips, etc. 
600 0 0 |a Vision  |c (Fictitious character)  |x Childhood and youth  |v Comic books, strips, etc. 
600 0 0 |a Scarlet Witch  |c (Fictitious character)  |x Childhood and youth  |v Comic books, strips, etc. 
600 0 0 |a Quicksilver  |c (Fictitious character from Marvel Comics Group)  |x Childhood and youth  |v Comic books, strips, etc. 
600 0 0 |a Stinger  |c (Fictitious character)  |x Childhood and youth  |v Comic books, strips, etc. 
600 0 0 |a She-Hulk  |c (Fictitious character)  |x Childhood and youth  |v Comic books, strips, etc. 
650 0 |a Never-Never Land (Imaginary place)  |v Comic books, strips, etc. 
650 0 |a Wonderland (Imaginary place)  |v Comic books, strips, etc. 
650 0 |a Oz (Imaginary place)  |v Comic books, strips, etc. 
650 0 |a Superheroes  |v Comic books, strips, etc. 
655 7 |a Fantasy comics.  |2 lcgft 
655 7 |a Coming-of-age comics.  |2 lcgft 
655 7 |a Superhero comics.  |2 lcgft 
655 7 |a Fairy tales.  |2 lcgft 
700 1 |a Lemos, João,  |e artist. 
700 1 |a Plati, Nuno,  |e artist. 
700 1 |a Miyazawa, Takeshi,  |e artist. 
700 1 |a Tercio, Ricardo,  |e artist. 
700 1 |a Strain, Christina,  |e colorist. 
700 1 |a Wendling, Claire,  |e cover artist. 
994 |a Z0  |b TXA 
948 |h HELD BY TXA - 0 OTHER HOLDINGS 
999 f f |s 09550925-d2d9-4d3d-aa89-766d19dfcfa0  |i cfd03a09-a43e-46ee-b593-457c9443cdf9  |t 0 
952 f f |p noncirc  |a Texas A&M University  |b College Station  |c Cushing Memorial Library & Archives  |d Cushing: Science Fiction (Does not check out)  |t 0  |e PN6728.A9 C42 2008  |h Library of Congress classification  |i unmediated -- volume  |k no.3  |m A14853215411 
998 f f |a PN6728.A9 C42 2008  |s no.3  |t 0  |l Cushing: Science Fiction (Does not check out)